| 000 | 01019nam a22002537a 4500 | ||
|---|---|---|---|
| 003 | NALT | ||
| 005 | 20251125232804.0 | ||
| 008 | s2523 th tha d | ||
| 020 | _a9740750338 | ||
| 040 | _aNALT | ||
| 041 | _atha | ||
| 050 |
_aHC241.2 _bอ4 |
||
| 100 | 0 |
_aอรณี นวลสุวรรณ์ _954468 |
|
| 245 | 1 | 0 |
_aการก่อตั้งประชาคมยุโรป / _cอรณี นวลสุวรรณ์. |
| 260 | 3 |
_aกรุงเทพฯ : _bไทยวัฒนาพานิช, _c2523 |
|
| 300 |
_a124 หน้า ; _c24 ซม. |
||
| 650 | 4 |
_aประชาคมยุโรป _954446 |
|
| 650 | 4 |
_aความสัมพันธ์ทางเศรษฐกิจระหว่างประเทศ _96318 |
|
| 650 | 4 |
_aตลาดร่วมยุโรป _954470 |
|
| 850 | _aNALT | ||
| 856 | 4 | 0 | _uhttps://hdl.handle.net/20.500.14156/448759 |
| 942 |
_cGB _2lcc |
||
| 998 |
_bBENJALUCK _bphon _j104 _k สายฝน ดีงาม |
||
| 999 |
_c5893 _d5893 |
||